| 000 | 01946nam0a2200325 4500 | ||
|---|---|---|---|
| 001 | RU\NLR\bibl\88509 | ||
| 005 | 20260405113346.0 | ||
| 021 |
_aRU _b2000-3200 _9159 |
||
| 035 | _a(NLR Aleph) 000086460 | ||
| 090 |
_a483469 _c483469 |
||
| 100 | _a20000525d1999 |||y0rusy50 ca | ||
| 101 | 0 | _arus | |
| 102 | _aRU | ||
| 105 | _aa ||||||||| | ||
| 200 | 1 |
_aТеоретические основы радиотехники _eСогласов. и дискрет. фильтрация сигналов. Нелинейн. цепи. Автогенераторы _eУчеб. пособие _fМ.Т. Иванов, А.Б. Сергиенко, В.Н. Ушаков _gПод ред. проф. В.Н. Ушакова _gМ-во общ. и проф. образования РФ, С.-Петерб. гос. электротехн. ун-т (ЛЭТИ) |
|
| 210 |
_aСПб. _cСПбГЭТУ _d1999 |
||
| 215 |
_a119,[1] с. _cил. _d20 |
||
| 320 | _aБиблиогр.: с. 118 (11 назв.) | ||
| 606 | 0 |
_aРадиотехника _jРуководства, пособия и т.п. для высшей школы _xТеоретические основы _9946760 _3RU\NLR\auth\66351165 |
|
| 606 | 0 |
_aРадиотехника _jУчебные издания для высшей школы _xТеоретические основы _9946760 _3RU\NLR\auth\66351165 |
|
| 686 | _aЗ841я73-1 | ||
| 700 | 1 |
_4070 _8rus _7ca _aИванов _bМ. Т. _cспециалист по радиотехнике _gМихаил Тимофеевич _3RU\NLR\auth\7743980 _926922 |
|
| 701 | 1 |
_4070 _8rus _7ca _aСергиенко _bА. Б. _gАлександр Борисович _3RU\NLR\auth\7744065 _927007 |
|
| 701 | 1 |
_4070 _8rus _7ca _aУшаков _bВ. Н. _cд-р техн. наук _f1949- _gВиктор Николаевич _3RU\NLR\auth\7744036 _926978 |
|
| 801 | 0 |
_aRU _bNLR _c20000525 _gPSBO |
|
| 801 | 1 |
_aRU _bNLR _c20000525 |
|
| 852 |
_aNLR _j2000-3/3678 |
||
| 942 | _cBOOK | ||
| 980 | _aNB | ||